Los Tigres de Mompracem
Saved in:
| Hovedforfatter: | |
|---|---|
| Format: | Bog |
| Sprog: | spansk |
| Udgivet: |
Buenos Aires
El Ateneo
2000
|
| Udgivelse: | 1a. ed |
| Fag: | |
| Tags: |
Tilføj Tag
Ingen Tags, Vær først til at tagge denne postø!
|
MARC
| LEADER | 00000cam a2200000 a 4500 | ||
|---|---|---|---|
| 001 | UCE2661 | ||
| 003 | CL-VaPUC | ||
| 008 | 140717e20000000ag |||||||||||||||||spa|d | ||
| 020 | |a 9500285606 | ||
| 082 | 0 | 4 | |a 853 |b SAL |2 21 |
| 100 | 0 | |a Salgari, Emilio |e author |9 575185 | |
| 245 | 1 | 4 | |a Los Tigres de Mompracem |
| 250 | |a 1a. ed | ||
| 300 | |a 364 p | ||
| 942 | |c BK | ||
| 945 | |d 20140717 11:12:00 |a dcastane | ||
| 260 | |a Buenos Aires |b El Ateneo |c 2000 | ||
| 650 | 0 | |a Novela italiana |9 265740 | |
| 650 | 0 | |a Literatura italiana |9 266970 | |
| 583 | |a last modification |c 20140717 11:12:00 |k Rodrigo Vera | ||
| 999 | |c 356236 |d 356234 | ||